00646nam a2200193Ia 4500008004100000082001500041100001700056245003700073250000800110260002800118300001000146500002400156650001600180700002400196942000700220952010400227952010400331999001700435230524s9999 xx 000 0 und d a510.3bJAI aPawan K.Jain 0aSequence Spaces and Applications a1ST aNEW DELHIbNarosac1995 aX;148 aQuantity Number: 2 aMathematics a Eberhard Malkowsky cBK 00104070aTATCLbTATCLcGENd2023-05-24l0o510.3 JAIp6629r2023-05-24w2023-05-24yBKzBCSC3301 00104070aTATCLbTATCLcGENd2023-05-24l0o510.3 JAIp6630r2023-05-24w2023-05-24yBKzBCSC3301 c23779d23779